000 00458nam a2200145Ia 4500
008 100122s9999 xx 000 0 und d
082 _b50619
_a823
100 _aयादवाडकर प्रकाश
245 _aमंत्रयुध्द
260 _bमेहता पब्लिकेशन हाऊस
_c1995
300 _a262
630 _aमंत्रयुध्द
730 _aमंत्रयुध्द
942 _cBOOK
999 _c428291
_d428288